| 000 | 00785aam a2200241 4500 | ||
|---|---|---|---|
| 999 |
_c33359 _d33359 |
||
| 001 | 2540 | ||
| 003 | CO-MdFUSB | ||
| 005 | 20171116081707.0 | ||
| 008 | 170417n xxu||||| |||| 00| 0 spa d | ||
| 040 |
_aCO-MdFUSB _bspa _cCO-MdFUSB _dCO-MdFUSBC _erda |
||
| 041 | 0 | _aspa | |
| 082 | 0 | 4 | _aG 225.7 E122e |
| 100 | 1 |
_aEarle, Ralph _eautor |
|
| 245 | 0 | 0 |
_aExplorando el Nuevo Testamento _c/ Ralph Earle, Harvey S. J. Blaney, Carl Hanson ; Segio Franco, Traductor |
| 264 | 1 |
_aKansas City, Missoiri, USA: _bCasa Nazarena, _cno tiene |
|
| 300 | _a559 Pag | ||
| 336 |
_2rdacontent _atexto _btxt |
||
| 337 |
_2rdamedia _asin mediación _bn |
||
| 338 |
_2rdacarrier _avolumen _bnc |
||
| 500 | _aTítulo original : Exploring the New Testament | ||
| 630 | 0 | 7 |
_aBiblia. _pNuevo Testamento |
| 942 | _cBK | ||